000 00528nam a2200217Ia 4500
003 OSt
005 20220918231448.0
006 a|||||r|||| 00| 0
007 ta
008 220917b |||||||| |||| 00| 0 eng d
024 _a286,449
037 _cTextual
040 _aARTS
_cARTS
_beng
041 _2eng
_aeng
082 _aT.615r, K4
245 0 _aReport of survey team of deducation in Malawi 1964
260 _c1964
650 _aEDUCATION
942 _hT.615r, K4
_cTEXL
_2CC
999 _c291298
_d291298